000 00330nam a22001337a 4500
005 20251119094056.0
008 251119b |||||||| |||| 00| 0 eng d
040 _a
_c
100 _aTERAN LANKAM
_91092
245 _aKARBI BHASHA PARICHAY
260 _aDIPHU
_bDIPHU SAHITYA SABHA
_c1998
300 _a75:P
942 _2ddc
_cBK
999 _c32176
_d32176